00534cam a2200193 a 450000100100000000500170001000800410002702000150006804000300008308200210011310000300013424500510016425000110021526000340022630000280026049000190028865000120030783000210031900000745420240514073717.0830616s1991 sp a 000 0 spa  a8433900676 aDO-SdBNPbspacDLCdBNPHU a170bS266i, 19911 aSavater, Fernando,d1947-10aInvitación a la ética /cFernando Savater. a4a ed. aBarcelona :bAnagrama,c1991. a173 p. :bil. ;c20 cm.1 aArgumentosv67 0aÉtica 0aArgumentos ;v67